[Event "CHN-ch U14"]
[Site "Shanghai"]
[Date "2024.02.20"]
[Round "9"]
[White "Tang, Enqi"]
[Black "Shi, Liaoxing"]
[Result "1/2-1/2"]
[WhiteElo "1810"]
[BlackElo "1547"]
[PlyCount "68"]
[EventDate "2024.02.16"]
[EventType "swiss"]
[EventRounds "11"]
[EventCountry "CHN"]
[SourceTitle "CBM 218 Extra"]
[Source "ChessBase"]
[SourceDate "2024.03.31"]
[SourceVersion "1"]
[SourceVersionDate "2024.03.31"]
[SourceQuality "1"]

1. d4 Nf6 2. c4 c5 3. d5 e6 4. Nc3 exd5 5. cxd5 d6 6. g3 g6 7. Bg2 Bg7 8. Nf3 0-0 9. 0-0 Na6 10. Re1 Nc7 11. a4 b6 12. e4 Ng4 13. Bg5 f6 14. Bf4 Ba6 15. Qb3 Ne5 16. Nxe5 fxe5 17. Be3 Qd7 18. Qa3 Bb7 19. b4 a5 20. b5 Ne8 21. Qc1 Qf7 22. Nd1 Bc8 23. f3 Qe7 24. Bg5 Bf6 25. h4 Ra7 26. Nb2 Qd8 27. Nc4 Raf7 28. Bh6 Ng7 29. Bg5 Nh5 30. Kh2 Qc7 31. Rh1 Bxg5 32. Qxg5 Kg7 33. Qd2 h6 34. Ne3 Qd8 1/2-1/2

[Event "CHN-ch U14"]
[Site "Shanghai"]
[Date "2024.02.20"]
[Round "10"]
[White "Zhong, Taoyu"]
[Black "Tang, Enqi"]
[Result "1-0"]
[WhiteElo "1492"]
[BlackElo "1810"]
[PlyCount "69"]
[EventDate "2024.02.16"]
[EventType "swiss"]
[EventRounds "11"]
[EventCountry "CHN"]
[SourceTitle "CBM 218 Extra"]
[Source "ChessBase"]
[SourceDate "2024.03.31"]
[SourceVersion "1"]
[SourceVersionDate "2024.03.31"]
[SourceQuality "1"]

1. d4 Nf6 2. c4 e6 3. Nc3 Bb4 4. Qc2 0-0 5. Nf3 d5 6. cxd5 Qxd5 7. Bd2 Bxc3 8. bxc3 c5 9. e3 Nbd7 10. Be2 c4 11. 0-0 Rb8 12. a4 a6 13. Rfb1 b5 14. Ne1 e5 15. axb5 axb5 16. Ra5 Rb6 17. Rb4 Qc6 18. Qb1 Ba6 19. Nc2 Rfb8 20. Rb2 Bb7 21. f3 Ba8 22. dxe5 Ng4 23. Nd4 Qb7 24. Raxb5 Ngxe5 25. Qa2 Qc8 26. Qa5 Nc6 27. Nxc6 Qxc6 28. Rxb6 Rxb6 29. Rxb6 Nxb6 30. e4 h6 31. Be3 Nd7 32. Qb4 Qa6 33. Qxc4 Qa1+ 34. Kf2 Nf6 35. Qa6 1-0

[Event "CHN-ch U14"]
[Site "Shanghai"]
[Date "2024.02.19"]
[Round "7"]
[White "Tang, Enqi"]
[Black "Jiang, Haochen"]
[Result "0-1"]
[WhiteElo "1810"]
[BlackElo "2294"]
[PlyCount "72"]
[EventDate "2024.02.16"]
[EventType "swiss"]
[EventRounds "11"]
[EventCountry "CHN"]
[SourceTitle "CBM 218 Extra"]
[Source "ChessBase"]
[SourceDate "2024.03.31"]
[SourceVersion "1"]
[SourceVersionDate "2024.03.31"]
[SourceQuality "1"]

1. d4 d6 2. c4 e5 3. e3 f5 4. Nc3 Nf6 5. Nf3 e4 6. Nd2 c6 7. a3 d5 8. b4 Bd6 9. Qb3 Bc7 10. g3 0-0 11. h4 Be6 12. cxd5 cxd5 13. Ne2 Nbd7 14. Bh3 g6 15. Bb2 Bd6 16. Nc3 Qe7 17. Nb5 Bb8 18. a4 Rc8 19. a5 a6 20. Nc3 b5 21. Rc1 Bd6 22. Ba3 Nb8 23. Ndb1 Nc6 24. Na2 Nh5 25. Rg1 f4 26. Bxe6+ Qxe6 27. g4 fxe3 28. fxe3 Nf4 29. Rc3 Nd3+ 30. Rxd3 exd3 31. Qxd3 Rf8 32. Nd2 Rae8 33. Nf1 Qf6 34. Rg2 Qxh4+ 35. Kd2 Qh1 36. Rh2 Bxh2 0-1

[Event "CHN-ch U14"]
[Site "Shanghai"]
[Date "2024.02.19"]
[Round "8"]
[White "Yu, Shuxiao"]
[Black "Tang, Enqi"]
[Result "1-0"]
[WhiteElo "1726"]
[BlackElo "1810"]
[PlyCount "59"]
[EventDate "2024.02.16"]
[EventType "swiss"]
[EventRounds "11"]
[EventCountry "CHN"]
[SourceTitle "CBM 218 Extra"]
[Source "ChessBase"]
[SourceDate "2024.03.31"]
[SourceVersion "1"]
[SourceVersionDate "2024.03.31"]
[SourceQuality "1"]

1. c4 e5 2. Nc3 Nf6 3. Nf3 Nc6 4. g3 d6 5. Bg2 h6 6. 0-0 g5 7. e3 Bg4 8. Qc2 Qd7 9. d4 Bh3 10. Nd5 Nxd5 11. Bxh3 Qxh3 12. cxd5 Nd8 13. dxe5 Qg4 14. Nd2 dxe5 15. Qxc7 Bg7 16. Qd6 h5 17. f3 Qh3 18. Ne4 Rh6 19. Qb4 Bf6 20. b3 a5 21. Qc5 Be7 22. d6 Rc8 23. Qb5+ Nc6 24. dxe7 Qe6 25. Ba3 g4 26. Nd6+ Kd7 27. Qxb7+ Rc7 28. e8Q+ Qxe8 29. Qxc7+ Kxc7 30. Nxe8+ 1-0

[Event "CHN-ch U14"]
[Site "Shanghai"]
[Date "2024.02.18"]
[Round "5"]
[White "Zou, Yuxiao"]
[Black "Tang, Enqi"]
[Result "0-1"]
[WhiteElo "1657"]
[BlackElo "1810"]
[PlyCount "68"]
[EventDate "2024.02.16"]
[EventType "swiss"]
[EventRounds "11"]
[EventCountry "CHN"]
[SourceTitle "CBM 218 Extra"]
[Source "ChessBase"]
[SourceDate "2024.03.31"]
[SourceVersion "1"]
[SourceVersionDate "2024.03.31"]
[SourceQuality "1"]

1. Nf3 d5 2. g3 Nf6 3. Bg2 g6 4. 0-0 Bg7 5. d4 0-0 6. c4 c6 7. cxd5 cxd5 8. Ne5 Nc6 9. Nxc6 bxc6 10. Nc3 h5 11. h4 Ng4 12. Na4 Re8 13. Bf4 e5 14. dxe5 Nxe5 15. Rc1 Qf6 16. b3 Bg4 17. Qd2 Rac8 18. f3 Bf5 19. e4 dxe4 20. fxe4 Red8 21. Qa5 Bg4 22. Bg5 Qd6 23. Bxd8 Rxd8 24. Kh1 Be2 25. Rfe1 Nd3 26. e5 Qb8 27. Rxe2 Nxc1 28. Rc2 Rd1+ 29. Kh2 Bxe5 30. Bxc6 Bxg3+ 31. Kg2 Bxh4 32. Rc3 Rd2+ 33. Kf3 Qg3+ 34. Ke4 f5+ 0-1